LEADER 01523nam a2200349 u 4500 001 000000060531 003 CaOOAMICUS 005 20070226120925.0 008 010725s1984 gw u000 u ger u 020 $a3451021013 035 $a10898511 040 $aPUL(R)$bita 245 00$aTrinität :$baktuelle Perspektiven der Theologie /$cEugen Drewermann ... [et al.] ; herausgegeben von Wilhelm Breuning. 260 $aFreiburg :$bHerder,$c1984. 300 $a181 p. ;$c23 cm 490 1 $aQuaestiones disputatae ;$v101 504 $aBibliografia in nota. 650 4$aTrinità.$0(OLS)http://pul/subject/2463 700 1 $aBreuning, Wilhelm.$0(OLS)http://pul/name/8285 700 1 $aDrewermann, Eugen,$d1940-$0(OLS)http://pul/name/26390 830 0$aQuaestiones disputatae (Herder) ;$v101.$0(OLS)http://pul/title/18243 850 $aPUL 852 $aPUL$W1$xSL Religione 2$y84$mTheol A6 101$j78929$nBK-PRI$b $qStampati altre collocazioni$B78929$CPULBib$Z2$F78929 $H $81 852 $aPUL$W1$xDP1 Fondo Bordoni$y120$m3 B 67.101$j171352$qFondi$B172752$CPULBib$Z2$F172752 $HBor1653 $81 941 1 $a1 941 1 $a10 960 $aTeologia trinitaria$92463 960 $aTeologia trinitaria$92463 961 $aINV: 53264 996 $6020$a3451021013$9(OLS)http://pul/number/78086 996 $6245$aTrinität :$baktuelle Perspektiven der Theologie$9(OLS)http://pul/title/80898 996 $6260$aFreiburg :$bHerder$9(OLS)http://pul/publisher/48354 LEADER 01078nam a2200277 a 4500 001 000000138109 003 CaOOAMICUS 005 20140410110128.0 008 140410s1977 it u000 u ita r 040 $aPUL$bita 100 1 $aBocca, Giorgio,$d1920-2011.$0(OLS)http://pul/name/7964 245 13$aLa Repubblica di Mussolini /$cGiorgio Bocca. 260 $aRoma ;$aBari :$bLaterza,$c1977. 300 $a391 p. ;$c21 cm 490 1 $aStoria e società 500 $aInclude indice. 504 $aBibliografia nelle note finali. 600 14$aMussolini, Benito,$d1883-1945$xPensiero politico e sociale.$0(OLS)http://pul/subject/13424 651 4$aItalia$xStoria$ySec. XX.$0(OLS)http://pul/subject/6333 830 0$aStoria e società (Laterza).$0(OLS)http://pul/title/761 850 $aPUL 852 $aPUL$W1$xDP1 Fondo E. Rossi$y115$m7 D 6$j28029$qFondi$B158758$CPULBib$Z2$F158758 $82 941 1 $a1 996 $6245$aLa Repubblica di Mussolini$9(OLS)http://pul/title/174860 996 $6260$aRoma ;$aBari :$bLaterza$9(OLS)http://pul/publisher/57682